Statistiques concernant Paroles "Le coeur de glace" - La reine des neiges (Disney)

Cliquez ici pour prendre le quiz!

Statistiques générales

  • Ce quiz a été pris 354 fois
  • Le résultat moyen est 108 sur 135

Statistiques - réponses

Paroles% Correct
de
98%
à
95%
glace
95%
le
95%
coeur
94%
la
94%
au
91%
des
91%
du
88%
88%
88%
un
88%
ce
87%
matin
87%
montagnes
87%
chagrin
86%
dans
86%
nous
86%
on
86%
vent
86%
et
85%
gelée
85%
chasse
84%
lac
84%
travail
84%
très
84%
trésor
84%
cache
83%
faut
83%
sommet
83%
qu'il
81%
neige
79%
précieux
79%
en
78%
force
78%
coupe
77%
mains
76%
soulève
76%
avant
74%
ses
74%
pluie
73%
carapace
72%
brise
71%
est
71%
froid
70%
que
70%
tes
70%
tout
70%
danger
68%
plus
68%
hop
67%
moi
66%
toujours
66%
arrosé
65%
droits
65%
forte
65%
gare
65%
mériter
65%
nature
65%
reprend
64%
dangereux
62%
magnifique
59%
fantastique
56%
oh
55%
s'efface
53%
loin
50%
vient
49%
d'aussi
48%
passion
48%
quand
47%

Distribution des résultats

Percentile par nombre de réponses

% des personnes avec chaque résultat

Votre développement - résultats

Vous n’avez pas pris ce quiz